00477nam a22001457a 450000500170000000800410001702000310005804100130008908200150010210000390011724500490015626000690020530000320027465000250030620231128122359.0231128b |||||||| |||| 00| 0 eng d a0880343354 ; 9780880343350 aEnglish  a340.1 COE  aCoerver, H and Byers, M lEnglish  aRace for Relevance /cH Coerver and M Byers  aWashington, DC : bThe Centre for Association Leadership, c2011 bviii, 160 pages ; c25 cm.  aLegal practice bLaw